| 000 | 00630nam a2200253Ia 4500 | ||
|---|---|---|---|
| 005 | 20250425162333.0 | ||
| 008 | 250425s9999 xx 000 0 und d | ||
| 020 | _a9780324605242 | ||
| 041 | _aeng | ||
| 043 | _aat | ||
| 082 | _a658.403 54 | ||
| 100 | _aANDERSON, ANDERSON | ||
| 245 | 0 | _aDECISION ANALYSIS: UTILITY ANALYSIS AND SCORING MODELS | |
| 250 | _a1ST ED. | ||
| 260 |
_aAustralia _bTHOMSON _c2008 |
||
| 260 |
_aS.L. _bTHOMSON SOUTH-WESTERN |
||
| 300 | _a218 | ||
| 650 | _aANALISIS | ||
| 650 | _aDECISIONES | ||
| 650 | _aSIMULACION | ||
| 710 | _aTHOMSON SOUTH - WESTERN | ||
| 942 | _c01 | ||
| 010 | _a63523 | ||
| 999 |
_c227147 _d227147 |
||